00612nam a2200217 a 4500001001300000003000900013005001700022008004100039020001200080082001500092100002200107245005900129260005200188300000900240500003500249505002100284650002700305650002000332650002000352700002200372nice12345678IN_TiNIC20260116012105.0050524s1971 mona grp 000 0 eng  ac145.500a297.4bFRI aFriedmann, Yohnan aShaykh Ahmad Sirhindib an Outline of His Thought..... aMontrealbMcgill Univ.Inst.Of Islamic St.c1971 a130p aincludes index and biblioraphy2 aIllustrated, Map aSirhindi, Shaikh Ahmed aIslam-Doctrines aSufism-Sirhindi1 aFriedmann, Yohnan